Malana : globalization of a Himalayan village /

In the misty foothills of India's Himalayan mountain range sits an isolated village called Malana. The construction of a road up the once remote Malana valley brings with it promises of new opportunities and development. Will the Malanese be able to preserve their unique culure, or will it be s...

Full description

Bibliographic Details
Corporate Author: Veverka Bros. Productions (Firm)
Other Authors: Veverka, Jeremy, Veverka, Jesse
Format: Video DVD
Language:English
Language Notes:In English; with optional subtitles in English, Japanese or Korean.
Published: ©2010
Subjects:

MARC

Tag First Indicator Second Indicator Subfields
LEADER 00000cgm a2200000Ia 4500
001 in00002784959
005 20150922151659.0
007 vd cvaiz|
008 110201s2010 xxu017 g vleng d
024 1 |a 884501272957 
035 |a (OCoLC)ocn699688397 
035 |a (OCoLC)699688397 
040 |a SINLB  |c SINLB  |d KKS  |d ZCU  |d COO  |d OCLCO  |d UtOrBLW 
041 1 |a eng  |j eng  |j jpn  |j kor 
049 |a TXAM 
050 4 |a HC438.M345  |b M35 2010 
082 0 4 |a 337.54  |2 22 
245 0 0 |a Malana :  |b globalization of a Himalayan village /  |c Veverka Bros. Productions presents ; a documentary short by Jeremy and Jesse Veverka ; produced, written and directed by directed by Jeremy and Jesse Veverka ; written and produced by Jesse Veverka, Jeremy Veverka. 
264 0 |a [U.S.] :  |b Veverka Bros. Productions,  |c [2010] 
264 4 |c ©2010 
300 |a 1 videorecording (approximately 17 min.) :  |b sound, color ;  |c 4 3/4 in. 
336 |a two-dimensional moving image  |b tdi  |2 rdacontent 
337 |a video  |b v  |2 rdamedia 
338 |a videodisc  |b vd  |2 rdacarrier 
538 |a DVD; NTSC; all regions. 
546 |a In English; with optional subtitles in English, Japanese or Korean. 
508 |a Camera, editing, narration and music by Jeremy Veverka. 
520 |a In the misty foothills of India's Himalayan mountain range sits an isolated village called Malana. The construction of a road up the once remote Malana valley brings with it promises of new opportunities and development. Will the Malanese be able to preserve their unique culure, or will it be swept away by the forces of globalization. 
500 |a Videorecording. 
650 0 |a Globalization  |z India  |z Malāṇā. 
651 0 |a Malāṇā (India)  |x Social life and customs. 
655 7 |a Documentary films.  |2 lcgft 
655 7 |a Nonfiction films.  |2 lcgft 
700 1 |a Veverka, Jeremy. 
700 1 |a Veverka, Jesse. 
710 2 |a Veverka Bros. Productions (Firm) 
994 |a C0  |b TXA 
948 |a cataloged  |b h  |c 2012/12/6  |d c  |e blrosas  |f 1:59:06 pm 
999 |a MARS 
999 f f |s 250977c8-d6c8-3068-b7e9-1ca08c43bbc4  |i 01024a71-18cd-3a75-bee8-9255e69661ad  |t 0 
952 f f |p ric  |a Texas A&M University  |b Rellis Campus  |c Joint Library Facility  |d Remote Storage  |t 0  |e HC438.M345 M35 2010  |h Library of Congress classification  |i video -- videodisc  |m A14841626707 
998 f f |a HC438.M345 M35 2010  |t 0  |l Remote Storage